| 000 | 00714nam a2200217 4500 | ||
|---|---|---|---|
| 001 | 133353 | ||
| 003 | ES-MaACL | ||
| 005 | 20250815050733.0 | ||
| 007 | t| | ||
| 008 | 070214s1974 mx r ||||1| spa d | ||
| 100 | 1 |
_aRudé, George ( _d1910-1993) _9100484 |
|
| 245 | 1 | 3 |
_aLa Europa revolucionaria _b: 1783-1815 / _cG. Rudé ; [traductor Ramón García Cotarelo]. |
| 250 | _a1ª ed. | ||
| 260 |
_aMéxico [etc.] : _bSiglo Veintiuno, _c1974. |
||
| 300 |
_a449 p. ; _c18 cm. |
||
| 490 | 1 | _aHistoria de Europa (Siglo Veintiuno | |
| 700 | 1 |
_aCotarelo, Ramón, _d1943- _941166 |
|
| 830 | 0 | 0 |
_aHistoria de Europa (Siglo XXI) _9182613 |
| 852 |
_aES-MaACL _jE-6407 _bR.90964 |
||
| 999 |
_c133353 _d133353 |
||